| 000 | 01296nam a2200325 a 4500 | ||
|---|---|---|---|
| 001 | ebr10551726 | ||
| 003 | CaPaEBR | ||
| 006 | m u | ||
| 007 | cr cn||||||||| | ||
| 008 | 110524s2010 qea s 000 0 eng d | ||
| 010 | _z 2010670921 | ||
| 020 | _z9781921513374 | ||
| 020 | _z9781921513381 (e-book) | ||
| 040 |
_aCaPaEBR _cCaPaEBR |
||
| 035 | _a(OCoLC)794489634 | ||
| 050 | 1 | 4 |
_aRC569 _b.D4 2010eb |
| 082 | 0 | 4 |
_a616.858445 _222 |
| 100 | 1 |
_aDe Leo, Diego, _d1951- |
|
| 245 | 1 | 0 |
_aTurning points _h[electronic resource] : _ban extraordinary journey into the suicidal mind / _cDiego De Leo. |
| 250 | _a1st ed. | ||
| 260 |
_aBowen Hills, Qld. : _bAustralian Academic Press, _c2010. |
||
| 300 | _ax, 194 p. | ||
| 505 | 0 | _apt. 1. Diego's stroy -- pt. 2. Stories from the edge -- pt. 3. Stories from those left behind. | |
| 533 |
_aElectronic reproduction. _bPalo Alto, Calif. : _cebrary, _d2011. _nAvailable via World Wide Web. _nAccess may be limited to ebrary affiliated libraries. |
||
| 650 | 0 |
_aSuicide _xPsychological aspects. |
|
| 650 | 0 |
_aSuicide victims _xPsychology. |
|
| 655 | 7 |
_aElectronic books. _2local |
|
| 710 | 2 | _aebrary, Inc. | |
| 856 | 4 | 0 |
_uhttp://site.ebrary.com/lib/rucke/Doc?id=10551726 _zAn electronic book accessible through the World Wide Web; click to view |
| 999 |
_c91722 _d91722 |
||